Aircraft carrier /

Bibliographic Details
Main Author: Winston, Robert A. (Robert Alexander), 1907-
Format: Book
Language:English
Published: New York : Harper, [1942]
Subjects:

MARC

Tag First Indicator Second Indicator Subfields
LEADER 00000cam a2200000 4500
001 in00000631069
005 20151015060140.0
008 750407s1942 nyu 00000 eng u
010 |a  42025712  
035 |a (OCoLC)01258891 
035 |9 ACV3240AM 
040 |c SMI  |d TXA  |d UtOrBLW 
049 |a TXAS [mil] 
050 0 0 |a V895  |b .W5 1942 
082 0 |a 359.32 
092 |a 359.32  |b W783a 
100 1 |a Winston, Robert A.  |q (Robert Alexander),  |d 1907- 
245 1 0 |a Aircraft carrier /  |c by Lieutenant Robert A. Winston ; illustrated with official U.S. Navy photographs. 
264 1 |a New York :  |b Harper,  |c [1942] 
264 4 |c ©1942 
300 |a 88 pages :  |b illustrations ;  |c 27 cm. 
336 |a text  |b txt  |2 rdacontent 
337 |a unmediated  |b n  |2 rdamedia 
338 |a volume  |b nc  |2 rdacarrier 
650 0 |a Aircraft carriers. 
650 0 |a World War, 1939-1945  |x Aerial operations. 
999 |a MARS 
999 f f |s 886faf12-9744-3757-aea6-84542ef6029b  |i 7e8858cf-6fcd-386a-beea-e00fec941252  |t 0 
952 f f |p noncirc  |a Texas A&M University  |b College Station  |c Cushing Memorial Library & Archives  |d Cushing: Ragan Military (Does not check out)  |t 0  |e V895 .W5 1942  |h Library of Congress classification  |i unmediated -- volume 
998 f f |a V895 .W5 1942  |t 0  |l Cushing: Ragan Military (Does not check out)